Деятели Французской буржуазной революции - Армагеддон - Statistics

General Stats
  • This quiz has been taken 22 times
  • The average score is 3 of 11
Answers on the Grid
Answers color-coded by a green-red scale on the quiz's grid according to % correct below.
Сьейес
Бергсон
де Сад
Мирабо
Кулон
Робеспьер
Монтескьё
Шанель
Пруст
Рембо
Марат
Лаплас
Руссо
Вольтер
Наполеон
Лагранж
Золя
Мопассан
Коши
Таксиль
Стилтьес
Пуассон
Дидро
Бальзак
Бодлер
Талейран
Сезанн
Лафайет
Лебег
Дюпор
 
Answer Stats
Answer % Correct
Робеспьер
75%
Марат
56%
Мирабо
25%
Монтескьё
25%
Талейран
25%
Руссо
19%
Лафайет
19%
Дидро
13%
Сьейес
6%
Вольтер
0%
Дюпор
0%
No matching quizzes found
Score Distribution
Percent of People with Each Score
Percentile by Number Answered
Your Score History
You have not taken this quiz